Načítá se...
Trueman's UGC NET/SET commerce
| Médium: | Printed Book |
|---|---|
| Vydáno: |
New Delhi
Danika pub co.
2019
|
| LEADER | 00365nam a2200109 4500 | ||
|---|---|---|---|
| 020 | |a 9788189301132 | ||
| 082 | |a 380.1076 |b TRU | ||
| 245 | |a Trueman's UGC NET/SET commerce | ||
| 260 | |a New Delhi |b Danika pub co. |c 2019 | ||
| 942 | |c CC | ||
| 999 | |c 56579 |d 56579 | ||
| 952 | |0 0 |1 0 |4 0 |6 380_107600000000000_TRU |7 0 |9 63655 |a KUCL |c Reference |d 2019-03-20 |g 550.00 |l 0 |o 380.1076 TRU |p 48113 |r 2019-03-20 |y CC | ||